[Event "Pamplona"]
[Site "Pamplona"]
[Date "1991.??.??"]
[Round "9"]
[White "Granda Zuniga, Julio E"]
[Black "Fernandez Garcia, Jose L"]
[Result "1/2-1/2"]
[WhiteElo "2595"]
[BlackElo "2470"]

1.e4 e5 2.d4 exd4 3.Qxd4 Nc6 4.Qe3 Nf6 5.Bd2 Bb4 6.Nc3 O-O 7.O-O-O Re8 8.Bc4 Bxc3
9.Bxc3 Nxe4 10.Qf4 Re7 11.Bxf7+ Rxf7 12.Qxe4 Qg5+ 13.Rd2 d5 14.Qxd5 Qxd5
15.Rxd5 Rxf2 16.Nf3 Rxg2 17.Re1 h6 18.b4 g6 19.a4 Bg4 20.Nd2 a5 21.bxa5 Rf8
22.h4 Bf5 23.Rc5 Bd7 24.Ne4 Rg4 25.Rb5 Bc8 26.h5 Rf5 27.Kb2 Kf7 28.Rxf5+  1/2-1/2

[Event "San Fernando op"]
[Site "San Fernando"]
[Date "1991.??.??"]
[Round "?"]
[White "Granda Zuniga, Julio E"]
[Black "Braga, Fernando"]
[Result "1-0"]
[WhiteElo "2550"]
[BlackElo "2445"]

1.d4 Nf6 2.c4 e6 3.Nc3 d5 4.Bg5 Bb4 5.cxd5 exd5 6.e3 c5 7.Bb5+ Bd7 8.Bxd7+ Nbxd7
9.Ne2 Qa5 10.Bxf6 Nxf6 11.dxc5 O-O 12.O-O Rfd8 13.Qb3 Bxc5 14.Rad1 Qa6 15.Rd2 Rd7
16.Rfd1 Rad8 17.h3 g6 18.Rd3 Kg7 19.R1d2 Qc6 20.Qd1 Bd6 21.Nd4 Qa6 22.Nf3 Ne4
23.Rc2 Nf6 24.a3 Bb8 25.Rcd2 Qc6 26.g4 h6 27.Qa4 Qe6 28.Qd4 Kh7 29.Rd1 Ne4
30.Kf1 a6 31.Na4 Qe7 32.Qb4 Qf6 33.Ke2 Ba7 34.Nc3 Nxc3+ 35.Qxc3 Qe7 36.Nd4 Rc7
37.Qb3 Qe5 38.Nf3 Qf6 39.Rxd5 Rxd5 40.Rxd5 Qc6 41.Ne5 Qe6 42.Nd3 Re7 43.Qb4 Rc7
44.Rd8 Qe7 45.Qxe7 Rxe7 46.Nf4 Rc7 47.Kd3 Rc1 48.Nd5 Kg7 49.b4 a5 50.Ra8 Rd1+
51.Ke4  1-0

[Event "San Fernando op"]
[Site "San Fernando"]
[Date "1991.??.??"]
[Round "?"]
[White "Granda Zuniga, Julio E"]
[Black "Papacek, Stepan"]
[Result "0-1"]
[WhiteElo "2550"]
[BlackElo "2325"]

1.e4 e5 2.Nc3 Nc6 3.Bc4 Nf6 4.d3 Na5 5.Nge2 Bc5 6.h3 d6 7.a3 Nxc4 8.dxc4 Be6
9.Qd3 c6 10.Bg5 h6 11.Bh4 g5 12.Bg3 Nh5 13.O-O-O Nf4 14.Bxf4 gxf4 15.g3 fxg3
16.fxg3 Qa5 17.Nb1 Qa6 18.Nd2 O-O-O 19.b4 Bb6 20.Kb2 h5 21.Qc3 Bc7 22.Nc1 d5
23.Nd3 d4 24.Qb3 b6 25.Rdf1 Rhg8 26.Rf3 Rg7 27.a4 Rdg8 28.b5 Qa5 29.Nf1 cxb5
30.axb5 Bd6 31.c3 Kb7 32.cxd4 exd4 33.e5 Rc8 34.exd6 Rxc4 35.d7 Rc3  0-1

[Event "San Fernando op"]
[Site "San Fernando"]
[Date "1991.??.??"]
[Round "?"]
[White "Vasquez, Rodrigo"]
[Black "Granda Zuniga, Julio E"]
[Result "0-1"]
[WhiteElo "2460"]
[BlackElo "2550"]

1.e4 e5 2.Nf3 Nc6 3.Bb5 a6 4.Ba4 Nf6 5.O-O Be7 6.Re1 b5 7.Bb3 O-O 8.c3 d5
9.exd5 Nxd5 10.Nxe5 Nxe5 11.Rxe5 c6 12.d4 Bd6 13.Re1 Qh4 14.g3 Qh3 15.Be3 Bg4
16.Qd3 Rae8 17.Bxd5 cxd5 18.Nd2 f5 19.Qf1 Qh5 20.f4 g5 21.a4 bxa4 22.Rxa4 gxf4
23.gxf4 Rf6 24.Qf2 Rg6 25.Kh1 Bh3 26.Nf3 Bxf4 27.Ne5 Bxe3 28.Rxe3 Rxe5 29.dxe5 Qd1+
30.Re1 Bg2+  0-1

[Event "San Fernando op"]
[Site "San Fernando"]
[Date "1991.??.??"]
[Round "?"]
[White "Granda Zuniga, Julio E"]
[Black "Glavina, Pablo"]
[Result "1-0"]
[WhiteElo "2550"]
[BlackElo "2380"]

1.d4 Nf6 2.c4 g6 3.Nc3 Bg7 4.e4 O-O 5.Be3 d6 6.f3 c5 7.dxc5 dxc5 8.Qxd8 Rxd8
9.Bxc5 Nc6 10.Nge2 Nd7 11.Ba3 Nde5 12.Nf4 Nd4 13.O-O-O Bh6 14.g3 e6 15.Nd5 exd5
16.Rxd4 Nxf3 17.Rd1 Bg4 18.h3 Bh5 19.Rxd5 Re8 20.Bd6 Rad8 21.Bd3 b5 22.c5 Ng5
23.Bc7 Rxd5 24.exd5 Rc8 25.d6 Ne6 26.Bxb5 Nxc5 27.Kb1 Bf3 28.Rc1 Nb7 29.d7 Rf8
30.Bc6 Bxc6 31.Rxc6 Bg5 32.Nd5 f5 33.Be5 Bd8 34.Nf6+ Kf7 35.Nxh7 Rg8 36.Nf6 Rh8
37.h4 f4 38.Ng4 Rh5 39.Bxf4 Ke7 40.Ne5  1-0

[Event "Aruba"]
[Site "Aruba"]
[Date "1992.??.??"]
[Round "1"]
[White "Gulko, Boris F"]
[Black "Granda Zuniga, Julio E"]
[Result "1-0"]
[WhiteElo "2560"]
[BlackElo "2615"]

1.d4 Nf6 2.c4 e6 3.Nf3 b6 4.g3 Ba6 5.Nbd2 Bb4 6.Qa4 c5 7.dxc5 Bxc5 8.Bg2 Bb7
9.O-O O-O 10.b4 Be7 11.Bb2 Qc7 12.Rac1 Rc8 13.Rfd1 a6 14.Qb3 d6 15.a3 Nbd7
16.Qd3 Ra7 17.Nb3 Be4 18.Qe3 Qb8 19.Bh3 h6 20.Nfd4 Kf8 21.f3 Bg6 22.Nd2 Rac7
23.f4 Re8 24.Qf3 Qb7 25.f5 exf5 26.Nxf5 Qb8 27.Qf4 Bxf5 28.Bxf5 d5 29.cxd5 Rxc1
30.Rxc1 Qxf4 31.gxf4 Bd6 32.e3 Rxe3 33.Nc4 Bxf4 34.Rf1 b5 35.Nxe3 Bxe3+ 36.Kg2  1-0

[Event "Aruba"]
[Site "Aruba"]
[Date "1992.??.??"]
[Round "4"]
[White "Granda Zuniga, Julio E"]
[Black "Psakhis, Lev"]
[Result "0-1"]
[WhiteElo "2615"]
[BlackElo "2605"]

1.d4 e6 2.c4 Bb4+ 3.Nc3 Nf6 4.e3 b6 5.Ne2 c5 6.a3 Ba5 7.Bd2 O-O 8.d5 d6 9.Ng3 exd5
10.cxd5 Bb7 11.e4 Re8 12.Bb5 Nbd7 13.O-O Bxc3 14.Bxc3 Nxe4 15.Bxg7 Kxg7 16.Qg4+ Kh8
17.Qxd7 Qxd7 18.Bxd7 Nxg3 19.fxg3 Re7 20.Bg4 Bxd5 21.Rad1 Bc4 22.Rf4 d5 23.Bf3 Rae8  0-1

[Event "Aruba"]
[Site "Aruba"]
[Date "1992.??.??"]
[Round "5"]
[White "Polgar, Sofia"]
[Black "Granda Zuniga, Julio E"]
[Result "1-0"]
[WhiteElo "2415"]
[BlackElo "2615"]

1.e4 e5 2.Nf3 Nc6 3.Bb5 a6 4.Ba4 Nf6 5.O-O Be7 6.Re1 b5 7.Bb3 d6 8.c3 O-O
9.h3 Bb7 10.d4 Re8 11.Nbd2 Bf8 12.a4 h6 13.d5 Na5 14.Ba2 c6 15.b4 cxd5 16.bxa5 dxe4
17.Nh2 d5 18.Ng4 Nxg4 19.Qxg4 Qxa5 20.Re3 Rac8 21.axb5 Rxc3 22.Nxe4 Rxc1+
23.Rxc1 dxe4 24.bxa6 Qxa6 25.Qe2 Qd6 26.Rd1 Qf6 27.Rd7 Re7 28.Qd1 Bc8 29.Rxe7 Bxe7
30.Qa4 Bf5 31.Qe8+ Bf8 32.Rc3 e3 33.Rxe3 e4 34.Bd5 Qa1+ 35.Kh2 Qa7 36.Bxe4 Bxe4
37.Qxe4 Bc5 38.Qe8+ Kh7 39.Rf3 Bxf2 40.Qxf7 Qxf7 41.Rxf7 Bd4 42.Kg3 Bf6 43.Kf4 Kg6
44.Rb7 Bg5+ 45.Ke5 Bf6+ 46.Ke6 h5 47.Rb3 Bh4 48.Kd7 Be1 49.Ke8 h4 50.Ke7 Bg3
51.Ke6 Bf4 52.Rb4 Bg5 53.Ke5 Bf6+ 54.Kf4  1-0

[Event "Aruba"]
[Site "Aruba"]
[Date "1992.??.??"]
[Round "7"]
[White "Pliester, Leon"]
[Black "Granda Zuniga, Julio E"]
[Result "0-1"]
[WhiteElo "2355"]
[BlackElo "2615"]

1.e4 c5 2.Nf3 e6 3.d4 cxd4 4.Nxd4 a6 5.Be2 Nf6 6.Nc3 Bb4 7.Bf3 Qc7 8.O-O Nc6
9.Nxc6 dxc6 10.Be3 O-O 11.Na4 Nd7 12.c4 b5 13.cxb5 axb5 14.Nc3 Ba6 15.Be2 Bd6
16.f4 b4 17.Nb1 Bc5 18.Bxc5 Nxc5 19.Bxa6 Rxa6 20.Nd2 Rd8 21.Qc2 Nd3 22.g3 Qa7+
23.Kh1 Nf2+ 24.Kg2 b3 25.Nxb3 Ng4 26.Rad1 Ne3+ 27.Kf3 Rf8 28.Qc3 Nxf1 29.Rxf1 Rxa2
30.f5 exf5 31.Nd4 fxe4+ 32.Kg4 g6 33.Nxc6 Qd7+ 34.Kg5 h6+ 35.Kxh6 Qh3+ 36.Kg5 Qxf1
37.g4 Kh7  0-1

[Event "Aruba"]
[Site "Aruba"]
[Date "1992.??.??"]
[Round "9"]
[White "Kindermann, Stefan"]
[Black "Granda Zuniga, Julio E"]
[Result "1/2-1/2"]
[WhiteElo "2505"]
[BlackElo "2615"]

1.e4 c5 2.Nf3 e6 3.d4 cxd4 4.Nxd4 a6 5.Bd3 b5 6.O-O Bb7 7.a4 b4 8.Nd2 Be7
9.Re1 d6 10.a5 Nd7 11.N2b3 Qc7 12.Qe2 Ne5 13.Nf3 Nxd3 14.cxd3 Nf6 15.Bd2 Rb8
16.Nbd4 Ba8 17.Ra4 d5 18.e5 Ne4 19.Be3 Nc5 20.Raa1 O-O 21.Rec1 Qd7 22.Bg5 Rfc8
23.Bxe7 Qxe7 24.Rc2 Qd8 25.Qd2 Nd7 26.Rxc8 Qxc8 27.Qc1 Qb7 28.Qe3 Qc7 29.Qc1 Qb7
30.Qe3 Qc7 31.Qc1 Qb7  1/2-1/2

[Event "Buenos Aires"]
[Site "Buenos Aires"]
[Date "1992.??.??"]
[Round "?"]
[White "Ricardi, Pablo"]
[Black "Granda Zuniga, Julio E"]
[Result "0-1"]
[WhiteElo "2465"]
[BlackElo "2615"]

1.Nf3 d6 2.d4 Bg4 3.e3 Nf6 4.c4 c6 5.Be2 Nbd7 6.O-O e5 7.Nc3 Be7 8.b3 O-O
9.d5 Nc5 10.b4 Nce4 11.Nxe4 Nxe4 12.Bb2 Qb6 13.Rb1 cxd5 14.cxd5 Rfc8 15.h3 Bd7
16.Qb3 Bb5 17.Rfe1 Bxe2 18.Rxe2 Qb5 19.Rc2 Rxc2 20.Qxc2 Qxd5 21.Rd1 Qc6 22.Qb3 b5
23.Rc1 Qb7 24.Qc2 Kf8 25.Nh2 h5 26.Nf3 a6 27.a3 Rd8 28.Qd3 f6 29.Nh4 d5 30.Qe2 g5
31.Ng6+ Kg7 32.Qxh5 Bd6 33.h4 Qf7 34.hxg5 Qxg6 35.Qh3 Nxg5 36.Qg4 Nf7 37.Qe6 d4
38.exd4 exd4 39.Re1 Be5 40.Qb6 Rd6 41.Qb7 Qh6 42.Bc1 Qh2+  0-1

[Event "Buenos Aires"]
[Site "Buenos Aires"]
[Date "1992.??.??"]
[Round "?"]
[White "Polgar, Judit"]
[Black "Granda Zuniga, Julio E"]
[Result "1/2-1/2"]
[WhiteElo "2550"]
[BlackElo "2615"]

1.Nf3 Nf6 2.d4 g6 3.g3 Bg7 4.Bg2 O-O 5.O-O d6 6.c4 Nc6 7.Nc3 e5 8.h3 Nd7
9.Bg5 f6 10.Be3 f5 11.dxe5 Ndxe5 12.Nxe5 dxe5 13.Qxd8 Nxd8 14.Nb5 Rf7 15.Rad1 Be6
16.b3 Nc6 17.Bd5 Bxd5 18.cxd5 Nb4 19.d6 cxd6 20.Nxd6 Rc7 21.Nb5 Rf7 22.Nd6 Rc7
23.a3 Nc6 24.Rc1 Bf8 25.Rfd1 Rd8 26.Nb5 Rcd7 27.Rxd7 Rxd7 28.Nxa7 Nxa7 29.Bxa7 Bxa3
30.Rc8+ Kf7 31.Kg2 Ke6 32.Be3 Bd6 33.Bb6 Be7 34.h4 Rd5 35.Rh8 Rb5 36.Be3 Rxb3
37.Rxh7 Bf8 38.Bh6 Bxh6 39.Rxh6 Kf7 40.h5 gxh5 41.Rxh5 Kg6 42.g4 fxg4  1/2-1/2

[Event "Buenos Aires"]
[Site "Buenos Aires"]
[Date "1992.??.??"]
[Round "?"]
[White "Granda Zuniga, Julio E"]
[Black "Zarnicki, Pablo"]
[Result "1-0"]
[WhiteElo "2615"]
[BlackElo "2385"]

1.d4 Nf6 2.c4 e6 3.Nc3 Bb4 4.e3 c5 5.Ne2 cxd4 6.exd4 d5 7.c5 Ne4 8.Bd2 Nc6
9.Nxe4 dxe4 10.g3 Bxd2+ 11.Qxd2 Qd5 12.Qe3 Nb4 13.Kd2 e5 14.Nc3 exd4 15.Qxe4+ Qxe4
16.Nxe4 O-O 17.Bg2 Bd7 18.a3 Nc6 19.b4 a6 20.Nd6 Rab8 21.Rhe1 g6 22.Rac1 Kg7
23.Bxc6 Bxc6 24.Re7 Kf6 25.Rc7 Bd5 26.Kd3 Rfd8 27.Kxd4 Be6 28.Rc3  1-0

[Event "Buenos Aires"]
[Site "Buenos Aires"]
[Date "1992.??.??"]
[Round "?"]
[White "Granda Zuniga, Julio E"]
[Black "Szmetan, Jorge"]
[Result "1-0"]
[WhiteElo "2615"]
[BlackElo "2400"]

1.d4 Nf6 2.Nf3 c5 3.d5 d6 4.Nc3 e6 5.e4 exd5 6.exd5 Be7 7.Bb5+ Bd7 8.a4 O-O
9.O-O Na6 10.Re1 Nb4 11.Bg5 h6 12.Bxf6 Bxf6 13.Ne4 Bf5 14.c3 Na6 15.Bxa6 bxa6
16.Nfd2 Re8 17.Qf3 Bxe4 18.Rxe4 Rxe4 19.Nxe4 Be5 20.Qe3 Bf6 21.Re1 Rb8 22.Re2 Be7
23.Qd3 Rb6 24.f4 Qd7 25.Nf2 Bf8 26.Qe4 g6 27.g4 Qd8 28.Kg2 Rb7 29.Qd3 Rb6
30.f5 g5 31.Ne4 Bg7 32.Rf2 Be5 33.f6 Qd7 34.Qh3 Qxa4 35.b4 Qd1 36.Qxh6 Qxg4+
37.Ng3 Bxf6 38.Qxf6  1-0

[Event "Buenos Aires"]
[Site "Buenos Aires"]
[Date "1992.??.??"]
[Round "?"]
[White "Rubinetti, Jorge A"]
[Black "Granda Zuniga, Julio E"]
[Result "0-1"]
[WhiteElo "2450"]
[BlackElo "2615"]

1.d4 Nf6 2.Nf3 g6 3.Bg5 Bg7 4.Nbd2 O-O 5.c3 d6 6.e4 Nbd7 7.Be2 h6 8.Bh4 Nh5
9.O-O Nf4 10.Bc4 c6 11.Re1 Nb6 12.Bf1 Qc7 13.a4 a5 14.e5 Be6 15.h3 Nh5 16.Ne4 Bd5
17.Qc1 f5 18.exf6 exf6 19.c4 Bxe4 20.Rxe4 Rf7 21.Re1 g5 22.Bg3 Nxg3 23.fxg3 d5
24.c5 Nd7 25.g4 f5 26.gxf5 Rxf5 27.Qe3 Qf4 28.Rad1 Qxe3+ 29.Rxe3 Rf7 30.Kh2 Bf6
31.Bd3 Bd8 32.g3 Bc7 33.Kg2 Kg7 34.Rde1 Raf8 35.Re7 Nf6 36.R1e6 Rxe7 37.Rxe7+ Rf7
38.Re6 Bd8 39.Bf5 Ng8 40.Rg6+ Kf8 41.Be6 Rg7 42.Rxg7 Kxg7 43.Bc8 b6 44.Bb7 Ne7
45.Ne5 bxc5 46.dxc5 Kf6 47.Nd3 Ke6 48.Kf3 h5 49.g4 h4 50.Ke3 Bc7 51.b4 axb4
52.Nxb4 Kd7 53.Kd4 Ba5 54.Nd3 Kc7 55.Ba6 Ng6 56.Ke3 Bc3 57.Nf2 Nf4 58.Bf1 Ne6
59.Nd3 Bd4+ 60.Kd2 Nxc5  0-1

[Event "Buenos Aires"]
[Site "Buenos Aires"]
[Date "1992.??.??"]
[Round "?"]
[White "Granda Zuniga, Julio E"]
[Black "Nikolic, Predrag"]
[Result "1/2-1/2"]
[WhiteElo "2615"]
[BlackElo "2635"]

1.d4 Nf6 2.Nf3 e6 3.c4 Bb4+ 4.Nbd2 b6 5.g3 Bb7 6.Bg2 c5 7.a3 Bxd2+ 8.Qxd2 cxd4
9.Qxd4 Nc6 10.Qc3 Rc8 11.O-O Na5 12.b3 O-O 13.Rd1 d5 14.Qb2 Ne4 15.Be3 Qe7
16.Nd2 Nf6 17.Bd4 Rfd8 18.cxd5 Bxd5 19.b4 Nc4 20.Nxc4 Bxc4 21.a4 Bd5 22.e4 Nxe4
23.Bxg7 f6 24.Bxe4 Kxg7 25.Bxd5 Rxd5 26.Rxd5 exd5 27.Qd2 Rc4 28.Qxd5 Rxb4
29.Rd1 Re4 30.Kf1 Rxa4 31.Qf5 Ra5 32.Rd7 Rxf5 33.Rxe7+ Kg6 34.Rxa7  1/2-1/2

[Event "Buenos Aires"]
[Site "Buenos Aires"]
[Date "1992.??.??"]
[Round "?"]
[White "Granda Zuniga, Julio E"]
[Black "Larsen, Bent"]
[Result "1-0"]
[WhiteElo "2615"]
[BlackElo "2535"]

1.d4 Nf6 2.Nf3 e6 3.c4 Bb4+ 4.Bd2 Qe7 5.e3 Bxd2+ 6.Qxd2 d6 7.Nc3 O-O 8.Be2 e5
9.dxe5 dxe5 10.Rd1 Bg4 11.O-O Na6 12.Nd5 Nxd5 13.cxd5 Rfd8 14.Qc3 e4 15.Nd4 Bxe2
16.Nxe2 Qc5 17.Qb3 Qb6 18.Qc2 Nc5 19.Rd4 a5 20.Ng3 g6 21.Rfd1 f5 22.Rc4 Nd3
23.Rxc7 Rxd5 24.Qc3  1-0

[Event "Buenos Aires"]
[Site "Buenos Aires"]
[Date "1992.??.??"]
[Round "?"]
[White "Chernin, Alexander"]
[Black "Granda Zuniga, Julio E"]
[Result "1-0"]
[WhiteElo "2620"]
[BlackElo "2615"]

1.d4 Nf6 2.c4 e6 3.Nf3 c5 4.d5 exd5 5.cxd5 g6 6.Nc3 d6 7.Nd2 Bg7 8.e4 O-O
9.Be2 Re8 10.O-O Nbd7 11.f4 c4 12.a4 Nc5 13.Bf3 b6 14.e5 dxe5 15.fxe5 Rxe5
16.Nxc4 Re8 17.d6 Be6 18.Be2 Nfd7 19.Bf4 a6 20.Rc1 Rc8 21.Kh1 g5 22.Be3 Bxc4
23.Bxc4 Rxe3 24.Nd5 Qe8 25.Nxe3 Qxe3 26.Bxf7+ Kh8 27.b4  1-0

[Event "Buenos Aires"]
[Site "Buenos Aires"]
[Date "1992.??.??"]
[Round "?"]
[White "Benjamin, Joel"]
[Black "Granda Zuniga, Julio E"]
[Result "1-0"]
[WhiteElo "2555"]
[BlackElo "2615"]

1.e4 c5 2.Nc3 Nc6 3.Nge2 e5 4.Nd5 Nge7 5.Nec3 Nxd5 6.Nxd5 Be7 7.Bc4 O-O 8.d3 Na5
9.O-O d6 10.f4 exf4 11.Bxf4 Be6 12.Qd2 Nxc4 13.dxc4 Re8 14.Rad1 Bf8 15.Ne3 Qf6
16.b3 Qg6 17.Qd3 Bh3 18.Rf3 Rxe4 19.Rg3  1-0

[Event "Madrid"]
[Site "Madrid"]
[Date "1992.??.??"]
[Round "2"]
[White "Romero Holmes, Alfonso"]
[Black "Granda Zuniga, Julio E"]
[Result "1/2-1/2"]
[WhiteElo "2490"]
[BlackElo "2615"]

1.e4 c5 2.Nf3 Nc6 3.Nc3 e6 4.d4 cxd4 5.Nxd4 Qc7 6.g3 a6 7.Bg2 Nge7 8.O-O Nxd4
9.Qxd4 Nc6 10.Qd2 Be7 11.b3 O-O 12.Bb2 d6 13.Nd1 b5 14.Qc3 e5 15.Ne3 b4 16.Qc4 Bd7
17.Nd5 Qb7 18.Nxe7+ Nxe7 19.Rfd1 Rac8 20.Qd3 Rc6 21.Bxe5 dxe5 22.Qxd7 Rc7
23.Qd6 Nc6 24.a3 a5 25.axb4 axb4 26.Qc5 h6 27.Ra4 Rb8 28.Kh1 Kh7 29.f4 f6
30.c3 Qc8 31.Qe3 bxc3 32.Qxc3 Nd4 33.Rc4 Rxb3 34.Rxc7 Rxc3 35.Rxc8 Rxc8 36.fxe5 fxe5
37.Ra1 Rc3 38.Kg1 Rc2 39.Ra5 Rc1+ 40.Kf2 Rc2+ 41.Kg1 Rc1+ 42.Kf2 Nc6 43.Rd5 Kg6
44.h4 Rc2+ 45.Kf1 Rc3 46.Kf2 Kf6 47.Bh3  1/2-1/2

[Event "Madrid"]
[Site "Madrid"]
[Date "1992.??.??"]
[Round "3"]
[White "Granda Zuniga, Julio E"]
[Black "Epishin, Vladimir"]
[Result "1/2-1/2"]
[WhiteElo "2615"]
[BlackElo "2620"]

1.Nf3 Nf6 2.c4 g6 3.Nc3 d5 4.cxd5 Nxd5 5.Qa4+ Bd7 6.Qc2 Nb6 7.d4 Bg7 8.Bf4 O-O
9.Rd1 Nc6 10.e3 Nb4 11.Qb1 N4d5 12.Be5 Nxc3 13.bxc3 Ba4 14.Bxg7 Kxg7 15.Rd2 Qd5
16.Bd3 a6 17.Rb2 Bb5 18.Bxb5 axb5 19.Rxb5 Qxa2 20.O-O Qxb1 21.Rfxb1 Na4 22.R5b3 b5
23.Nd2 c5 24.g3 Rfd8 25.Ra1 e5 26.Nf3 exd4 27.exd4 Rac8  1/2-1/2

[Event "Madrid"]
[Site "Madrid"]
[Date "1992.??.??"]
[Round "5"]
[White "Granda Zuniga, Julio E"]
[Black "Karpov, Anatoly"]
[Result "0-1"]
[WhiteElo "2615"]
[BlackElo "2725"]

1.d4 Nf6 2.c4 e6 3.Nf3 b6 4.g3 Ba6 5.b3 Bb7 6.Bg2 Bb4+ 7.Bd2 a5 8.O-O O-O
9.Qc2 d6 10.a3 Bxd2 11.Nbxd2 Nbd7 12.e4 e5 13.Rfe1 Re8 14.Rad1 exd4 15.Nxd4 Nc5
16.f3 Ne6 17.Nf5 Qd7 18.Nb1 Qc6 19.a4 Qc5+ 20.Ne3 Nd7 21.Kh1 Qb4 22.Nd2 Ndc5
23.Rb1 Rad8 24.h4 Na6 25.Kh2 Qc5 26.Ndf1 Nb4 27.Qd2 Qd4 28.Qxd4 Nxd4 29.Red1 Ne6
30.Nd5 f5 31.exf5 Bxd5 32.cxd5 Nc5 33.Rd2 Re7 34.g4 Rde8 35.Ng3 Re3 36.Ne4 Nxb3
37.Rdd1 Nc5 38.Ng5 Nxa4 39.Ne6 Nc3 40.Re1 Rxe1 41.Rxe1 Nbxd5  0-1

[Event "Madrid"]
[Site "Madrid"]
[Date "1992.??.??"]
[Round "6"]
[White "Yudasin, Leonid"]
[Black "Granda Zuniga, Julio E"]
[Result "1-0"]
[WhiteElo "2580"]
[BlackElo "2615"]

1.e4 e5 2.Nf3 Nc6 3.Bc4 Bc5 4.c3 Nf6 5.d3 O-O 6.b4 Bb6 7.a4 a6 8.O-O h6 9.Re1 d6
10.a5 Ba7 11.h3 Ne7 12.Bb3 Ng6 13.d4 Qe7 14.Bc2 Bd7 15.Be3 exd4 16.Bxd4 Rfe8
17.Nbd2 Nh7 18.Ba4 Bxa4 19.Qxa4 Nf4 20.Bxa7 Rxa7 21.e5 d5 22.h4 Nf8 23.g3 N4e6
24.Rad1 Raa8 25.Nf1 c6 26.Ne3 h5 27.Nf5 Qc7 28.Qc2 Red8 29.Nd6 g6 30.c4 dxc4
31.Qxc4 c5 32.Rc1 Qc6 33.Rc3 Nd7 34.bxc5 Qxc5 35.Qb3  1-0

[Event "Madrid"]
[Site "Madrid"]
[Date "1992.??.??"]
[Round "7"]
[White "Granda Zuniga, Julio E"]
[Black "San Segundo, Pablo"]
[Result "1-0"]
[WhiteElo "2615"]
[BlackElo "2415"]

1.d4 d5 2.c4 e6 3.Nc3 c6 4.e3 Nf6 5.Nf3 Nbd7 6.Qc2 Bd6 7.Be2 O-O 8.O-O Qe7
9.b3 Re8 10.Bb2 dxc4 11.Bxc4 a6 12.a4 b6 13.e4 e5 14.Ne2 Bb7 15.Ng5 Rf8 16.f4 Ng4
17.Nxf7 Rxf7 18.fxe5 Ndxe5 19.dxe5 Bc5+ 20.Kh1 Rf8 21.Bd4 Bxd4 22.Nxd4 c5
23.Rxf7 Rxf7 24.Rf1 Nxe5 25.Nf5  1-0

[Event "Madrid"]
[Site "Madrid"]
[Date "1992.??.??"]
[Round "8"]
[White "Salov, Valery"]
[Black "Granda Zuniga, Julio E"]
[Result "1/2-1/2"]
[WhiteElo "2655"]
[BlackElo "2615"]

1.Nf3 Nf6 2.c4 c6 3.d4 d5 4.cxd5 cxd5 5.Nc3 Nc6 6.Bf4 Qb6 7.a3 a6 8.e3 Bf5
9.Na4 Qa7 10.Rc1 Nd7 11.Be2 e6 12.O-O Be7 13.b4 O-O 14.Qb3 Rfc8 15.Nc5 Ncb8
16.a4 a5 17.b5 Qb6 18.Nd3 Na6 19.Rxc8+ Rxc8 20.Rc1 Rxc1+ 21.Nxc1 Nb4 22.Qc3 Qd8
23.Nb3 Bc2 24.Nfd2 b6 25.h3 Nf6 26.f3 Ne8 27.e4 Bd6 28.e5 Be7 29.Kf2 Bf8
30.Be3 Qc7 31.Qb2 f6 32.f4 g5 33.fxg5 fxg5 34.Nf3 h6 35.Ne1 Bf5 36.Nd2 Nc2
37.Bd1 Nxe3 38.Kxe3 Bb4 39.Bc2 Bc3 40.Qa3 Bb4 41.Qb3 Ng7 42.g4 Bxc2 43.Nxc2 Bxd2+
44.Kxd2 Ne8 45.Qd3 Kg7 46.Qa3 Kf7 47.Ne3 Kg8 48.Qd3 Qh7 49.Qc3 Qc7 50.Qa3 Qf7
51.Ke2 Qh7 52.Qb3 Kf8 53.Qc3 Qc7 54.Qe1 Qe7 55.Qb1 Kg7 56.Qb2 Qc7 57.Qa1 Kg8
58.Qe1 Qe7 59.Qc3 Qc7 60.Qd2 Qh7 61.Qc1 Qc7 62.Qb2 Qh7 63.Qa3 Qc7 64.Kd2 Qh7
65.Nc2 Qc7 66.Qd3 Qh7 67.Qe3 Qf7 68.Kc1 Kg7 69.Kb2 Qe7 70.Qg3 Kg8 71.Kc1 Kg7
72.Kd2 Kg8 73.Qc3 Qc7 74.Qe3 Kg7 75.Qa3 Qf7 76.Ke2 Kg8 77.Qd3 Qh7 78.Qc3 Qc7  1/2-1/2

[Event "Madrid"]
[Site "Madrid"]
[Date "1992.??.??"]
[Round "9"]
[White "Granda Zuniga, Julio E"]
[Black "Magem Badals, Jorge"]
[Result "0-1"]
[WhiteElo "2615"]
[BlackElo "2515"]

1.Nf3 d5 2.c4 dxc4 3.e3 e6 4.Bxc4 Nf6 5.O-O c5 6.Qe2 a6 7.d4 b5 8.Bd3 cxd4
9.Nxd4 Bb7 10.Nd2 Nbd7 11.N2b3 e5 12.Nf5 g6 13.Ng3 e4 14.Bc2 h5 15.Rd1 h4
16.Nf1 h3 17.g3 Qc7 18.Nd4 Bc5 19.a4 b4 20.b3 Rc8 21.Ra2 Nd5 22.Bb2 Nc3 23.Bxc3 bxc3
24.Qc4 Ne5 25.Qxc3 Bxd4 26.Qxc7 Nf3+ 27.Kh1 Rxc7 28.exd4 e3 29.Nxe3 Nxd4+
30.Kg1 Nf3+ 31.Kh1 Nd4+ 32.Kg1 Ne2+ 33.Kf1 Nc3  0-1

[Event "Manila ol (Men)"]
[Site "Manila"]
[Date "1992.??.??"]
[Round "?"]
[White "Dutreeuw, Marc"]
[Black "Granda Zuniga, Julio E"]
[Result "0-1"]
[WhiteElo "2425"]
[BlackElo "2615"]

1.e4 c5 2.Nf3 e6 3.d4 cxd4 4.Nxd4 a6 5.Bd3 Nf6 6.O-O d6 7.c4 Be7 8.Nc3 O-O
9.b3 b6 10.Bb2 Bb7 11.Qe2 Re8 12.Rad1 Qc7 13.f4 Nbd7 14.f5 Bf8 15.fxe6 fxe6
16.Nf3 Ne5 17.Bb1 Be7 18.Kh1 Rf8 19.a3 Nxf3 20.Rxf3 Nd7 21.Rdf1 Rxf3 22.Rxf3 Ne5
23.Rf1 Bf6 24.Qd2 Nd7 25.Ne2 Re8 26.Nd4 Nc5 27.Qe3 Be5 28.b4 Qe7 29.bxc5 bxc5
30.Bc3 cxd4 31.Bxd4 Bxd4 32.Qxd4 e5 33.Qb6 h6 34.h3 Kh7 35.Rd1 Rf8 36.Bc2 Rf6
37.Kh2 Qf7 38.Qb4 Rf2 39.Bd3 Qf3 40.Bf1 Qxd1  0-1

[Event "Manila ol (Men)"]
[Site "Manila"]
[Date "1992.??.??"]
[Round "?"]
[White "Georgiev, Kiril"]
[Black "Granda Zuniga, Julio E"]
[Result "1-0"]
[WhiteElo "2605"]
[BlackElo "2615"]

1.c4 e6 2.Nc3 d5 3.d4 c6 4.e3 Nf6 5.Nf3 Nbd7 6.Qc2 Bd6 7.b3 O-O 8.Be2 Re8
9.O-O Qe7 10.Rd1 dxc4 11.bxc4 e5 12.Rb1 h6 13.a4 e4 14.Nd2 Nf8 15.c5 Bc7
16.Ba3 Bg4 17.Bxg4 Nxg4 18.g3 Ba5 19.Ndxe4 Bxc3 20.Nxc3 Qg5 21.Re1 Qh5 22.h4 Ne6
23.Kg2 f5 24.f3 Nxe3+ 25.Rxe3 Nf4+ 26.Kf2 Nh3+ 27.Ke2 f4 28.gxf4 Nxf4+ 29.Kd2 Rxe3
30.Kxe3 Re8+ 31.Ne4 Nd5+ 32.Kf2 Qxh4+ 33.Kg1 Nf4 34.Qh2 Nh3+ 35.Kf1 Rf8 36.Rb3 Qxe4
37.Qxh3 Qxd4 38.Qe6+ Kh7 39.Bb2 Qxa4 40.Bxg7 Qa6+ 41.Kg2 Kxg7 42.f4  1-0

[Event "Manila ol (Men)"]
[Site "Manila"]
[Date "1992.??.??"]
[Round "?"]
[White "Granda Zuniga, Julio E"]
[Black "Andersson, Ulf"]
[Result "1/2-1/2"]
[WhiteElo "2615"]
[BlackElo "2605"]

1.d4 Nf6 2.c4 e6 3.Nc3 d5 4.cxd5 exd5 5.Bg5 c6 6.Qc2 Be7 7.e3 Nbd7 8.Bd3 Nh5
9.Bxe7 Qxe7 10.Nge2 g6 11.a3 Nb6 12.b4 Ng7 13.b5 Bf5 14.bxc6 bxc6 15.O-O O-O
16.Nf4 Rab8 17.Rfb1 Bxd3 18.Nxd3 Ne6 19.Nb4 Rbc8 20.Qd3 Rfd8 21.Na6 c5 22.Nxc5 Nxc5
23.dxc5 Rxc5 24.Ne2 Rdc8 25.h3 Qe4 26.Qa6 Nc4 27.Rb3 Qe7 28.Rab1 Kg7 29.Qa4 Ra5
30.Qb4 Qxb4 31.axb4 Ra2 32.Nd4  1/2-1/2

[Event "Manila ol (Men)"]
[Site "Manila"]
[Date "1992.??.??"]
[Round "?"]
[White "Granda Zuniga, Julio E"]
[Black "Enhbat, Tegshsuren"]
[Result "1-0"]
[WhiteElo "2615"]
[BlackElo "2205"]

1.d4 d5 2.c4 e6 3.Nc3 Be7 4.Nf3 Nf6 5.Bg5 h6 6.Bxf6 Bxf6 7.cxd5 exd5 8.e3 O-O
9.Be2 c6 10.O-O Qe7 11.Qc2 Bg4 12.Rab1 a5 13.a3 g6 14.Rfe1 Bf5 15.Bd3 Bxd3
16.Qxd3 Bg7 17.h4 Nd7 18.h5 Qe6 19.e4 dxe4 20.Nxe4 Qd5 21.Ng3 Nc5 22.Qc2 Ne6
23.hxg6 Nxd4 24.Nxd4 Qxd4 25.Nf5 Qf6 26.Re7 Rab8 27.Rbe1 Qxg6 28.R7e3  1-0

[Event "Manila ol (Men)"]
[Site "Manila"]
[Date "1992.??.??"]
[Round "?"]
[White "Granda Zuniga, Julio E"]
[Black "Garcia Palermo, Carlos"]
[Result "1/2-1/2"]
[WhiteElo "2615"]
[BlackElo "2465"]

1.d4 d5 2.c4 dxc4 3.e4 c5 4.d5 Nf6 5.Nc3 e6 6.Bxc4 exd5 7.Nxd5 Nxd5 8.Bxd5 Be7
9.Ne2 O-O 10.O-O Qb6 11.Nf4 Nc6 12.Bc4 Ne5 13.Nd5 Qd8 14.Bb3 Bg4 15.f3 Be6
16.Bf4 Bf6 17.Qd2 Rc8 18.Rad1 c4 19.Nxf6+ gxf6 20.Bc2 Qxd2 21.Bxd2 Nd3 22.Bc3 f5
23.Rd2 f6 24.Rfd1 fxe4 25.fxe4 Ne5 26.Rf1 Rc6 27.Rdf2 Nd7 28.Rf3 b5 29.e5 f5
30.Rg3+ Kh8 31.Bxf5 Nc5 32.Bc2 Rxf1+ 33.Kxf1 Rc8 34.Rf3 Nd3 35.Rf6 Re8 36.a3 Kg8
37.Ke2 Nxe5 38.Bxe5 Bd7 39.Bxh7+ Kxh7 40.Rf7+ Kg6 41.Rxd7 Rxe5+ 42.Kf3 a5
43.g4 Rc5 44.Rd6+ Kf7 45.Rb6 c3 46.bxc3 Rxc3+ 47.Kf4 Rxa3 48.Rxb5 Rh3 49.Rb2 Kg6
50.Rb6+  1/2-1/2

[Event "Manila ol (Men)"]
[Site "Manila"]
[Date "1992.??.??"]
[Round "?"]
[White "Granda Zuniga, Julio E"]
[Black "Schandorff, Lars"]
[Result "1-0"]
[WhiteElo "2615"]
[BlackElo "2435"]

1.d4 Nf6 2.c4 g6 3.Nc3 Bg7 4.e4 d6 5.g3 O-O 6.Bg2 e5 7.Nge2 Nc6 8.d5 Nd4
9.O-O c5 10.dxc6 bxc6 11.Nxd4 exd4 12.Qxd4 Nd5 13.Qd3 Nxc3 14.bxc3 Qa5 15.Qxd6 Be6
16.Ba3 Rfd8 17.Bb4 Qa4 18.Qf4 a5 19.Bd6 Bxc3 20.Rac1 Bb2 21.Rb1 Bg7 22.c5 Bxa2
23.Rb6 Bc4 24.e5 Qa2 25.Re1 Bd5 26.Rb7 Bxg2 27.e6 f6 28.Bb8 Rc8 29.Qd6  1-0

[Event "Manila ol (Men)"]
[Site "Manila"]
[Date "1992.??.??"]
[Round "?"]
[White "Granda Zuniga, Julio E"]
[Black "Wong Meng Kong"]
[Result "1-0"]
[WhiteElo "2615"]
[BlackElo "2415"]

1.d4 Nf6 2.c4 e6 3.Nf3 Bb4+ 4.Nbd2 O-O 5.a3 Bxd2+ 6.Qxd2 b6 7.g3 Bb7 8.Bg2 Be4
9.O-O d5 10.Qc3 Nbd7 11.c5 Re8 12.c6 Nf8 13.b4 Bxf3 14.exf3 Kh8 15.Re1 Ng8
16.Bd2 Ne7 17.Bf1 a6 18.Bd3 Nc8 19.Kg2 Nd6 20.a4 a5 21.Qc2 axb4 22.Bxb4 Qe7
23.h4 Red8 24.h5 h6 25.f4 Kg8 26.Ra3 Qf6 27.Re5 Ra7 28.Qa2 Nf5 29.Bxf5 exf5
30.Be7  1-0